The new Cambridge English course

Guardat en:
Dades bibliogràfiques
Autor principal: Swan
Format: Llibre
Idioma:Undetermined
Publicat: Tp. Hồ Chí Minh NHà xuất bản Tp. Hồ Chí Minh 1997
Matèries:
Etiquetes: Afegir etiqueta
Sense etiquetes, Sigues el primer a etiquetar aquest registre!
Thư viện lưu trữ: Trung tâm Học liệu Trường Đại học Cần Thơ
LEADER 00571nam a2200205Ia 4500
001 CTU_36879
008 210402s9999 xx 000 0 und d
020 |b 30.000đ 
082 |a 428 
082 |b S972n/T.2 
100 |a Swan 
245 4 |a The new Cambridge English course 
245 0 |c Swan, Catherine Walter 
260 |a Tp. Hồ Chí Minh 
260 |b NHà xuất bản Tp. Hồ Chí Minh 
260 |c 1997 
650 |a English language 
650 |x Study and teaching 
904 |i Minh 
980 |a Trung tâm Học liệu Trường Đại học Cần Thơ